Rana gruber. (Record no. 28414)

MARC details
000 -LEADER
fixed length control field 00944cam a22002771 4500
001 - CONTROL NUMBER
control field gs 49000300
003 - CONTROL NUMBER IDENTIFIER
control field DLC
005 - DATE AND TIME OF LATEST TRANSACTION
control field 20260227111355.0
008 - FIXED-LENGTH DATA ELEMENTS--GENERAL INFORMATION
fixed length control field 800922s1948 no ab b 000 0 nor c
010 ## - LIBRARY OF CONGRESS CONTROL NUMBER
LC control number gs 49000300
035 ## - SYSTEM CONTROL NUMBER
System control number (OCoLC)6740291
040 ## - CATALOGING SOURCE
Original cataloging agency U.S. Geol. Survey Library
Transcribing agency NIC
Modifying agency OCoLC
-- DLC
041 0# - LANGUAGE CODE
Language code of text/sound track or separate title nor
Language code of summary or abstract eng
042 ## - AUTHENTICATION CODE
Authentication code premarc
050 00 - LIBRARY OF CONGRESS CALL NUMBER
Classification number QE281
Item number .A2 no. 171
100 1# - MAIN ENTRY--PERSONAL NAME
Personal name Bugge, Jens A. W.
245 10 - TITLE STATEMENT
Title Rana gruber.
Remainder of title Geologisk beskrivelse av jernmalmfeltene i Dunderlandsdalen.
260 ## - PUBLICATION, DISTRIBUTION, ETC.
Place of publication, distribution, etc. Oslo,
Name of publisher, distributor, etc. I kommisjon hos H. Aschehoug,
Date of publication, distribution, etc. 1948.
300 ## - PHYSICAL DESCRIPTION
Extent viii, 149 p.
Other physical details illus., 3 fold. col. maps (in pocket)
Dimensions 24 cm.
490 1# - SERIES STATEMENT
Series statement Norges Geologiske undersøkelse. [Skrifter]
Volume/sequential designation nr. 171
500 ## - GENERAL NOTE
General note Summary in English.
504 ## - BIBLIOGRAPHY, ETC. NOTE
Bibliography, etc. note "Litteratur": p. [129]-130.
650 #0 - SUBJECT ADDED ENTRY--TOPICAL TERM
Topical term or geographic name entry element Iron ores
Geographic subdivision Norway.
650 #0 - SUBJECT ADDED ENTRY--TOPICAL TERM
Topical term or geographic name entry element Iron mines and mining
Geographic subdivision Norway.
810 #0 - SERIES ADDED ENTRY--CORPORATE NAME
Corporate name or jurisdiction name as entry element Norges geologiske undersøkelse.
Subordinate unit Skrifter ;
Volume/sequential designation nr. 171.

No items available.

Powered by Koha